Social stratification. : (Record no. 151)
[ view plain ]
| 000 -LEADER | |
|---|---|
| fixed length control field | 00529cam a2200193ua 4500 |
| 008 - FIXED-LENGTH DATA ELEMENTS--GENERAL INFORMATION | |
| fixed length control field | 110322n ii |||gr||||Z||||||eng |
| 020 ## - INTERNATIONAL STANDARD BOOK NUMBER | |
| International Standard Book Number | 0-87692-481-10 |
| 040 ## - CATALOGING SOURCE | |
| Transcribing agency | MAIN |
| 082 ## - DEWEY DECIMAL CLASSIFICATION NUMBER | |
| Classification number | 305 |
| 245 ## - TITLE STATEMENT | |
| Title | Social stratification. : |
| Remainder of title | The forms and functions of inequality. / |
| Statement of responsibility, etc. | By Melvin, M. Tumin. |
| 250 ## - EDITION STATEMENT | |
| Edition statement | 2nd. |
| 260 ## - PUBLICATION, DISTRIBUTION, ETC. | |
| Place of publication, distribution, etc. | New Delhi.: |
| Name of publisher, distributor, etc. | Prentice hall of India.,987. |
| 300 ## - PHYSICAL DESCRIPTION | |
| Extent | viii,166 p.:5 cm. |
| 700 1# - ADDED ENTRY--PERSONAL NAME | |
| Personal name | Tumin, Melvin M., |
| 942 ## - ADDED ENTRY ELEMENTS (KOHA) | |
| Koha item type | Books |
| 653 ## - INDEX TERM--UNCONTROLLED | |
| Uncontrolled term | Sociology. |
| 653 ## - INDEX TERM--UNCONTROLLED | |
| Uncontrolled term | Social stratification. |
| Withdrawn status | Lost status | Damaged status | Not for loan | Home library | Current library | Shelving location | Date acquired | Total Checkouts | Full call number | Barcode | Date last seen | Copy number | Price effective from | Koha item type |
|---|---|---|---|---|---|---|---|---|---|---|---|---|---|---|
| Central Library, Naharkatiya College | Central Library, Naharkatiya College | 19/09/2020 | 305 | TUM | 15059 | 19/09/2020 | 1 | 19/09/2020 | Books |
